000 00217 a2200097 4500
001 38419
100 _aJohnson D
245 _aAdvanced structural mechanics
260 _aG Br
_bCollins
_c1986
090 _c24405
_d24405
942 _aNUST-CAE
_cM
_c16009
999 _c273492
_d273492